[Event "Africa-ch"]
[Site "Abuja"]
[Date "2003.10.11"]
[Round "2"]
[White "Kamel, Salama"]
[Black "Chakurira, Svunurai"]
[Result "1-0"]
[WhiteElo "2077"]
[BlackElo "2205"]
[PlyCount "63"]
[EventDate "2003.10.10"]
[EventType "swiss"]
[EventRounds "9"]
[EventCountry "NGR"]
[SourceTitle "CBM 096 Extra"]
[Source "ChessBase"]
[SourceDate "2003.10.22"]
[SourceVersion "2"]
[SourceVersionDate "2003.10.20"]
[SourceQuality "1"]

1. e4 c5 2. Nf3 Nc6 3. d4 cxd4 4. Nxd4 Nf6 5. Nc3 e5 6. Nb3 Bb4 7. Bc4 0-0 8. Qd3 d6 9. 0-0 h6 10. Rd1 Bg4 11. f3 Be6 12. Nd5 Bxd5 13. Bxd5 Ba5 14. Nxa5 Qxa5 15. c3 Ne7 16. b4 Qc7 17. Bb3 Rfd8 18. Kh1 d5 19. exd5 Nexd5 20. Qf5 Qxc3 21. Bd2 Qc7 22. Rac1 Qe7 23. Re1 Re8 24. Rc5 Rad8 25. f4 g6 26. Qxe5 Qd7 27. Qd4 Rxe1+ 28. Bxe1 Re8 29. Bg3 Re4 30. Qd2 Qe7 31. Bxd5 Re2 32. Qd4 1-0